Botany illustrated: (Record no. 1284)

MARC details
000 -LEADER
fixed length control field 00619nam a22002177a 4500
003 - CONTROL NUMBER IDENTIFIER
control field OSt
005 - DATE AND TIME OF LATEST TRANSACTION
control field 20150327150116.0
008 - FIXED-LENGTH DATA ELEMENTS--GENERAL INFORMATION
fixed length control field 150327b xxu||||| |||| 00| 0 eng d
020 ## - INTERNATIONAL STANDARD BOOK NUMBER
International Standard Book Number 9780387288703
040 ## - CATALOGING SOURCE
Transcribing agency DDC
082 ## - DEWEY DECIMAL CLASSIFICATION NUMBER
Edition number 22nd ed.
Classification number 580 GLI 2006
100 ## - MAIN ENTRY--PERSONAL NAME
Personal name Glimn-Lacy Janice
9 (RLIN) 3423
245 ## - TITLE STATEMENT
Title Botany illustrated:
Remainder of title introduction to plants,major groups,flowering plant family
250 ## - EDITION STATEMENT
Edition statement 2nd ed.
260 ## - PUBLICATION, DISTRIBUTION, ETC. (IMPRINT)
Place of publication, distribution, etc. New York;
Name of publisher, distributor, etc. Springer,
Date of publication, distribution, etc. 2006
300 ## - PHYSICAL DESCRIPTION
Extent xiv,146p;
Other physical details ill
Dimensions 28cm
504 ## - BIBLIOGRAPHY, ETC. NOTE
Bibliography, etc Glossary & index included
650 ## - SUBJECT ADDED ENTRY--TOPICAL TERM
Topical term or geographic name as entry element Botany
9 (RLIN) 1777
700 ## - ADDED ENTRY--PERSONAL NAME
Personal name Kaufman, Peter B.
9 (RLIN) 3424
942 ## - ADDED ENTRY ELEMENTS (KOHA)
Source of classification or shelving scheme Other/Generic Classification Scheme
Koha item type Open Shelf
Holdings
Withdrawn status Lost status Source of classification or shelving scheme Damaged status Not for loan Home library Current library Date acquired Source of acquisition Inventory number Total Checkouts Total Renewals Full call number Barcode Date last seen Date last checked out Koha item type Price effective from
    Other/Generic Classification Scheme     MUST Main Library MUST Main Library 27/03/2015   15/38010 1 1 580 GLI 2006 2015-0694 03/12/2021 05/09/2019 Open Shelf  
    Other/Generic Classification Scheme     MUST Main Library MUST Main Library 27/03/2015   15/38011     580 GLI 2006 2015-0695 27/03/2015   Open Shelf  
    Dewey Decimal Classification     MUST Main Library MUST Main Library 11/05/2016   13/37073     580 GLI 2006 2016-1793 11/05/2016   Short Loan 11/05/2016
    Dewey Decimal Classification     MUST Main Library MUST Main Library 11/05/2016   13/37074     580 GLI 2006 2016-1794 11/05/2016   Short Loan 11/05/2016